<?xml version="1.0" encoding="UTF-8"?>
<record
    xmlns:xsi="http://www.w3.org/2001/XMLSchema-instance"
    xsi:schemaLocation="http://www.loc.gov/MARC21/slim http://www.loc.gov/standards/marcxml/schema/MARC21slim.xsd"
    xmlns="http://www.loc.gov/MARC21/slim">

  <leader>008700000a22001090004500</leader>
  <datafield tag="100" ind1="1" ind2=" ">
    <subfield code="a">Pixley, Jorge</subfield>
  </datafield>
  <datafield tag="245" ind1="1" ind2="0">
    <subfield code="a">El fin del mundo : Mateo 24-25</subfield>
  </datafield>
  <datafield tag="300" ind1=" " ind2=" ">
    <subfield code="a">Num. 27 (1997), P&#xE1;ginas 82-95</subfield>
  </datafield>
  <datafield tag="520" ind1=" " ind2=" ">
    <subfield code="a">Un an&#xE1;lisis de la colocaci&#xF3;n del discurso escatol&#xF3;gico dentro del evangelio de Mateo revela la importancia que se le atribuye. Un estudio de los contenidos del discurso muestra que Mateo ha alterado el discurso, en parte mediante la introducci&#xF3;n de materiales de Q pero principalmente con la expansi&#xF3;n de materiales exclusivos de Mateo. Estas alteraciones tienen el efecto de hacer de la espera de la Parus&#xED;a una espera activa y de dar a la Venida del Se&#xF1;or el contenido espec&#xED;fico de un Juicio sobre los hechos de justicia y misericordia hechos a las personas m&#xE1;s necesitadas.</subfield>
  </datafield>
  <datafield tag="773" ind1="0" ind2=" ">
    <subfield code="t">Revista de Interpretaci&#xF3;n B&#xED;blica Latinoamericana</subfield>
  </datafield>
  <datafield tag="942" ind1=" " ind2=" ">
    <subfield code="c">ANA</subfield>
  </datafield>
  <datafield tag="952" ind1=" " ind2=" ">
    <subfield code="0">0</subfield>
    <subfield code="1">0</subfield>
    <subfield code="4">0</subfield>
    <subfield code="7">0</subfield>
    <subfield code="8">HEM</subfield>
    <subfield code="a">FUSBC</subfield>
    <subfield code="b">FUSBC</subfield>
    <subfield code="d">2016-01-26</subfield>
    <subfield code="l">0</subfield>
    <subfield code="o"> </subfield>
    <subfield code="r">2016-01-26 00:00:00</subfield>
    <subfield code="w">2016-01-26</subfield>
    <subfield code="y">ANA</subfield>
  </datafield>
  <datafield tag="999" ind1=" " ind2=" ">
    <subfield code="c">52497</subfield>
    <subfield code="d">52497</subfield>
  </datafield>
</record>
